De lo espiritual en el arte / (Record no. 86402)

MARC details
000 -LEADER
campo de control de longitud fija 00668nam a2200217 i 4500
001 - NÚMERO DE CONTROL
campo de control 86402
003 - IDENTIFICADOR DE NÚMERO DE CONTROL
campo de control ES-MaACL
005 - FECHA Y HORA DE LA ÚLTIMA TRANSACCIÓN
campo de control 20230906175435.0
007 - CAMPO FIJO DE DESCRIPCIÓN FÍSICA--INFORMACIÓN GENERAL
campo de control de longitud fija t|
008 - DATOS DE LONGITUD FIJA--INFORMACIÓN GENERAL
campo de control de longitud fija 041210s1973 sp ||||1| spa d
100 1# - ENTRADA PRINCIPAL--NOMBRE DE PERSONA
Nombre de persona Kandinsky, Wassily (
Fechas asociadas al nombre 1866-1944)
9 (RLIN) 67484
245 10 - MENCIÓN DEL TÍTULO
Título De lo espiritual en el arte /
Mención de responsabilidad, etc. Kandinsky ; [traducción de Genoveva Dieterich].
250 ## - MENCION DE EDICION
Mención de edición [1ª ed.].
260 ## - PUBLICACIÓN, DISTRIBUCIÓN, ETC.
Lugar de publicación, distribución, etc. Barcelona :
Nombre del editor, distribuidor, etc. Barral,
Fecha de publicación, distribución, etc. 1973.
300 ## - DESCRIPCIÓN FÍSICA
Extensión 122 p., 8 lám. ;
Dimensiones 19 cm.
490 1# - MENCIÓN DE SERIE
Mención de serie Ideas de nuestro tiempo
700 1# - ENTRADA AGREGADA--NOMBRE PERSONAL
Nombre de persona Dieterich, Genoveva.
9 (RLIN) 160205
830 0# - PUNTO DE ACCESO ADICIONAL DE SERIE-TÍTULO UNIFORME
Título uniforme Ideas de nuestro tiempo
9 (RLIN) 184000
852 ## - LOCALIZACIÓN
Ubicación ES-MaACL
Número de control de estantería C-54973
Sublocalización o colección R.87549
Holdings
Estatus retirado Estado de pérdida Estado de daño No para préstamo Biblioteca de origen Biblioteca actual Ubicación en estantería Fecha de adquisición Fuente de adquisición Total de préstamos Signatura topográfica completa Código de barras Visto por última vez Precio de reemplazo Tipo de ítem Koha
        Biblioteca del Ateneo de Madrid Biblioteca del Ateneo de Madrid Depósito 2 17/01/2008     C-54973 1090272 23/02/2023 23/02/2023 Libro impreso